Memory : organization and locus of change

Αποθηκεύτηκε σε:
Λεπτομέρειες βιβλιογραφικής εγγραφής
Άλλοι συγγραφείς: Squire, Larry R. (Επιμελητής έκδοσης)
Μορφή: Βιβλίο
Γλώσσα:English
Δημοσίευση: New York : Oxford University Press, 1991
Θέματα:
Ετικέτες: Προσθήκη ετικέτας
Δεν υπάρχουν, Καταχωρήστε ετικέτα πρώτοι!

MARC

LEADER 00000nam a2200000 i 4500
001 1/88335
008 981112s1991 eng d
020 |a 0-19-506921-8 
035 |l 10035474 
035 |a 1993  |b 1  |c Πολεμικός 
040 |a GR-MY-UA  |b gre  |e aacr 
041 0 |a eng 
082 0 |a 612.82  |2 (20) 
245 1 0 |a Memory :  |b organization and locus of change /  |c edited by Larry R. Squire ... [et al.] 
260 |a New York :   |b Oxford University Press,   |c 1991 
300 |a xiv, 423 p.;  |b ill.;  |c 25 cm 
504 |a Περιέχει βιβλιογραφικές παραπομπές και ευρετήριο 
650 0 0 |a Memory  |x Physiological aspects. 
650 0 0 |a Neuroplasticity. 
700 1 |a Squire, Larry R.  |4 edt 
852 |a INST  |b RHODES  |e 19981112  |h 612.82 MEM  |p 005400008380  |q 005400008380  |t BK  |y 0 
909 |a Ρ  |b 025523  |c 1993